| 000 | 00537nam a22001697a 4500 | ||
|---|---|---|---|
| 005 | 20251108165901.0 | ||
| 008 | 250721s1963 xx 000 0 ara d | ||
| 082 | 1 | 4 | _aم/636.1/جزا |
| 100 | 1 | _aالجزائري، محمد عبد القادر محي الدين الحسني | |
| 245 | 1 | 0 | _aعقد الأجياد في الصافنات الجياد / |
| 250 | _aط20 | ||
| 264 | 1 |
_aدمشق : _bالمكتب الإسلامي، _c1963. |
|
| 300 | _a375ص : فهارس | ||
| 650 | 1 | 7 | _aالخيل |
| 942 |
_2ddc _cREF |
||
| 999 |
_c33827 _d33827 |
||